00417nam a2200169 a 450000100060000000300090000600800410001502000150005604000280007108200160009910000170011524500260013226000430015830000110020165000100021265000250022217040CO-ViMGA141112s2004 ck r 000 u spa d a8420008834 aCO-ViMGAbspacCO-ViMGA04a636.8 H845e1 aHuhn, Anette10aEnfermedades del gato aZaragoza (España), cAcribia, c2001 a143.p.14aGATOS14aGATOS - ENFERMEDADES